[Event "KAZ-ch"]
[Site "Pavlodar"]
[Date "2015.05.15"]
[Round "5"]
[White "Kozlov, Roman"]
[Black "Kostenko, Petr"]
[Result "1-0"]
[WhiteElo "2351"]
[BlackElo "2461"]
[PlyCount "51"]
[EventDate "2015.05.11"]
[EventType "swiss"]
[EventRounds "9"]
[EventCountry "KAZ"]
[SourceTitle "EXT 2016"]
[Source "ChessBase"]
[SourceDate "2015.10.08"]
[SourceVersion "1"]
[SourceVersionDate "2015.10.08"]
[SourceQuality "1"]

1. d4 e6 2. c4 f5 3. g3 Nf6 4. Bg2 d5 5. Nf3 Be7 6. 0-0 0-0 7. Nc3 b6 8. Qc2 Ne4 9. Ne5 Bb7 10. cxd5 exd5 11. Nxe4 dxe4 12. Be3 Bf6 13. f3 exf3 14. Bxf3 Bxf3 15. Rxf3 Bxe5 16. dxe5 Qd5 17. Rd1 Qxe5 18. Qc4+ Kh8 19. Bd4 Qe7 20. Re3 Qd7 21. Rdd3 Qc6 22. Bxg7+ Kxg7 23. Re7+ Kg6 24. Re6+ Rf6 25. Rxc6 Nxc6 26. Qf4 1-0

[Event "KAZ-ch"]
[Site "Pavlodar"]
[Date "2015.05.12"]
[Round "2"]
[White "Zhalmakhanov, Ramazan"]
[Black "Kozlov, Roman"]
[Result "0-1"]
[WhiteElo "2168"]
[BlackElo "2351"]
[PlyCount "50"]
[EventDate "2015.05.11"]
[EventType "swiss"]
[EventRounds "9"]
[EventCountry "KAZ"]
[SourceTitle "EXT 2016"]
[Source "ChessBase"]
[SourceDate "2015.10.08"]
[SourceVersion "1"]
[SourceVersionDate "2015.10.08"]
[SourceQuality "1"]

1. e4 c5 2. Nf3 d6 3. d4 cxd4 4. Nxd4 Nf6 5. Nc3 a6 6. Bc4 e6 7. 0-0 Be7 8. Bb3 0-0 9. f4 b5 10. e5 dxe5 11. fxe5 Nfd7 12. Be3 Nxe5 13. Qh5 Nc4 14. Bxc4 bxc4 15. Qf3 Qc7 16. Ndb5 Qc6 17. Na3 Qxf3 18. Rxf3 Bxa3 19. bxa3 e5 20. Rb1 Nc6 21. Rf2 Be6 22. Rd2 Rfd8 23. Rbd1 Rxd2 24. Rxd2 Rd8 25. Rxd8+ Nxd8 0-1

[Event "Astrakhan Cup"]
[Site "Astrakhan"]
[Date "2008.08.??"]
[Round "?"]
[White "Amanov, Zhanibek"]
[Black "Kozlov, Roman"]
[Result "1-0"]
[WhiteElo "2382"]
[BlackElo "2361"]
[PlyCount "71"]
[EventDate "2008.08.??"]
[EventType "tourn"]
[EventRounds "11"]
[EventCountry "RUS"]
[EventCategory "3"]
[SourceTitle "EXT 2010"]
[Source "ChessBase"]
[SourceDate "2010.11.25"]
[SourceVersion "1"]
[SourceVersionDate "2010.11.25"]
[SourceQuality "1"]

1. e4 c5 2. Nf3 d6 3. d4 cxd4 4. Nxd4 Nf6 5. Nc3 g6 6. Be3 Bg7 7. f3 Nc6 8. Qd2 0-0 9. Bc4 Bd7 10. 0-0-0 Rc8 11. Bb3 Ne5 12. h4 h5 13. Bg5 Rc5 14. Kb1 b5 15. g4 hxg4 16. h5 Nxh5 17. Nd5 Re8 18. Rxh5 gxh5 19. Qh2 Rxd5 20. Bxd5 Qb6 21. Qxh5 e6 22. Bb3 Ng6 23. Be3 Qd8 24. Qxg4 a5 25. a3 Qh4 26. Qg2 Qf6 27. Qd2 Ra8 28. Rh1 Ne5 29. Qg2 Ng6 30. Rg1 a4 31. Ba2 Rb8 32. c3 d5 33. exd5 e5 34. Nc6 Bxc6 35. dxc6 Qxc6 36. Qxg6 1-0

[Event "Astrakhan Cup"]
[Site "Astrakhan"]
[Date "2008.08.??"]
[Round "?"]
[White "Kozlov, Roman"]
[Black "Khamitskiy, Sergei"]
[Result "1/2-1/2"]
[WhiteElo "2361"]
[BlackElo "2324"]
[PlyCount "70"]
[EventDate "2008.08.??"]
[EventType "tourn"]
[EventRounds "11"]
[EventCountry "RUS"]
[EventCategory "3"]
[SourceTitle "EXT 2010"]
[Source "ChessBase"]
[SourceDate "2010.11.25"]
[SourceVersion "1"]
[SourceVersionDate "2010.11.25"]
[SourceQuality "1"]

1. c4 c5 2. Nf3 Nf6 3. d4 cxd4 4. Nxd4 e5 5. Nb5 d5 6. cxd5 Bc5 7. N5c3 0-0 8. e3 Qe7 9. a3 e4 10. b4 Bb6 11. h3 Rd8 12. Ra2 Bf5 13. g4 Bg6 14. Be2 Nbd7 15. h4 h6 16. Nd2 Ne5 17. h5 Bh7 18. g5 hxg5 19. h6 Nxd5 20. Nxd5 Rxd5 21. hxg7 Rad8 22. Bc4 Nf3+ 23. Ke2 Qe6 24. Bxd5 Rxd5 25. Qc2 Qg4 26. Kf1 Bxe3 27. Qc4 Nxd2+ 28. Rxd2 Rxd2 29. Bxd2 Bxd2 30. Qc5 Qd1+ 31. Kg2 Qf3+ 32. Kg1 Qg4+ 33. Kf1 Qd1+ 34. Kg2 Qf3+ 35. Kg1 Qg4+ 1/2-1/2

[Event "Astrakhan Cup"]
[Site "Astrakhan"]
[Date "2008.08.??"]
[Round "?"]
[White "Kozlov, Roman"]
[Black "Semyonov, Konstantin"]
[Result "1-0"]
[WhiteElo "2361"]
[BlackElo "2240"]
[PlyCount "65"]
[EventDate "2008.08.??"]
[EventType "tourn"]
[EventRounds "11"]
[EventCountry "RUS"]
[EventCategory "3"]
[SourceTitle "EXT 2010"]
[Source "ChessBase"]
[SourceDate "2010.11.25"]
[SourceVersion "1"]
[SourceVersionDate "2010.11.25"]
[SourceQuality "1"]

1. d4 Nf6 2. c4 e6 3. Nc3 d5 4. cxd5 exd5 5. Bg5 Be7 6. e3 c6 7. Bd3 Nbd7 8. Nge2 Nf8 9. Qc2 Ne6 10. Bh4 g6 11. 0-0 Ng7 12. f3 0-0 13. Rad1 Re8 14. h3 Be6 15. a3 Qc8 16. Bf2 Bf8 17. Nf4 Bd6 18. Nxe6 Nxe6 19. e4 Bf8 20. Qd2 Qd7 21. Bb1 Rad8 22. Ne2 Qc7 23. e5 Nd7 24. Bh4 Rc8 25. f4 c5 26. f5 Nxd4 27. Nxd4 cxd4 28. e6 fxe6 29. fxg6 Bg7 30. gxh7+ Kh8 31. Rf7 Qd6 32. Rxg7 Kxg7 33. Qg5+ 1-0

[Event "Astrakhan Cup"]
[Site "Astrakhan"]
[Date "2008.08.??"]
[Round "?"]
[White "Voronov, Dmitry"]
[Black "Kozlov, Roman"]
[Result "0-1"]
[WhiteElo "2190"]
[BlackElo "2361"]
[PlyCount "76"]
[EventDate "2008.08.??"]
[EventType "tourn"]
[EventRounds "11"]
[EventCountry "RUS"]
[EventCategory "3"]
[SourceTitle "EXT 2010"]
[Source "ChessBase"]
[SourceDate "2010.11.25"]
[SourceVersion "1"]
[SourceVersionDate "2010.11.25"]
[SourceQuality "1"]

1. d4 Nf6 2. c4 g6 3. Nc3 d5 4. g3 Bg7 5. Bg2 dxc4 6. Qa4+ Nfd7 7. Nf3 Nc6 8. Qxc4 Nb6 9. Qd3 Nxd4 10. Nxd4 Qxd4 11. Qxd4 Bxd4 12. Bf4 c6 13. 0-0-0 Bg7 14. Kb1 Nc4 15. Rd3 0-0 16. Rhd1 Bf5 17. e4 Bg4 18. f3 Be6 19. Bc1 Nb6 20. Be3 Be5 21. Bc5 Rfe8 22. Be3 Bc7 23. Bc5 Kf8 24. b3 Red8 25. Kc2 Ke8 26. f4 f6 27. Bf3 Rxd3 28. Rxd3 Rd8 29. Be2 Rxd3 30. Kxd3 Nc8 31. Kd4 Kd7 32. Ke3 Bd6 33. Kd4 b6 34. Bxd6 exd6 35. Bf3 a6 36. b4 Ne7 37. a4 Kc7 38. a5 c5+ 0-1

[Event "Alushta Summer 2nd"]
[Site "Alushta"]
[Date "2008.06.??"]
[Round "3"]
[White "Ibrayev, Nurlan"]
[Black "Kozlov, Roman"]
[Result "1-0"]
[WhiteElo "2507"]
[BlackElo "2361"]
[PlyCount "59"]
[EventDate "2008.06.??"]
[EventType "tourn"]
[EventRounds "11"]
[EventCountry "UKR"]
[EventCategory "8"]
[SourceTitle "EXT 2009"]
[Source "ChessBase"]
[SourceDate "2008.11.26"]
[SourceVersion "1"]
[SourceVersionDate "2008.11.26"]
[SourceQuality "1"]

1. c4 Nf6 2. d4 g6 3. Nf3 Bg7 4. Nc3 d5 5. e3 0-0 6. Qb3 dxc4 7. Bxc4 c5 8. d5 Nbd7 9. e4 Ng4 10. 0-0 Nb6 11. Be2 e6 12. Bg5 Qd7 13. Rad1 exd5 14. exd5 c4 15. Bxc4 Nxc4 16. Qxc4 a6 17. Rfe1 b5 18. Qc5 Qf5 19. Ne4 f6 20. Ng3 Qd7 21. Re7 Qd8 22. Bf4 Rf7 23. Rxf7 Kxf7 24. d6 Bd7 25. h3 Nh6 26. Re1 Ng8 27. Qd5+ Kf8 28. Re7 Be8 29. Nd4 Nxe7 30. dxe7+ 1-0

[Event "Alushta Summer 2nd"]
[Site "Alushta"]
[Date "2008.06.??"]
[Round "6"]
[White "Kozlov, Roman"]
[Black "Okara, Andrey"]
[Result "0-1"]
[WhiteElo "2361"]
[BlackElo "2407"]
[PlyCount "76"]
[EventDate "2008.06.??"]
[EventType "tourn"]
[EventRounds "11"]
[EventCountry "UKR"]
[EventCategory "8"]
[SourceTitle "EXT 2009"]
[Source "ChessBase"]
[SourceDate "2008.11.26"]
[SourceVersion "1"]
[SourceVersionDate "2008.11.26"]
[SourceQuality "1"]

1. d4 Nf6 2. c4 g6 3. Nc3 Bg7 4. e4 d6 5. h3 Nbd7 6. Bd3 e5 7. d5 Nc5 8. Bc2 a5 9. Bg5 c6 10. Nge2 cxd5 11. exd5 Bd7 12. b3 h6 13. Be3 Nh5 14. Qd2 f5 15. g4 Nf4 16. Nxf4 exf4 17. Bd4 Qe7+ 18. Kf1 0-0 19. Re1 Qg5 20. gxf5 Bxf5 21. Bxf5 Qxf5 22. Bxg7 Kxg7 23. Qd4+ Kg8 24. Re7 Rf7 25. Rxf7 Kxf7 26. Nb5 Rd8 27. Nxd6+ Rxd6 28. Qxc5 f3 29. Qxa5 Rd7 30. Qd2 Qb1+ 31. Qe1 Qd3+ 32. Kg1 Re7 33. Qc1 Qd4 34. Qf1 Re2 35. h4 Qg4+ 36. Kh2 Qxh4+ 37. Kg1 Qg4+ 38. Kh2 Re5 0-1

[Event "Alushta Summer 2nd"]
[Site "Alushta"]
[Date "2008.06.??"]
[Round "8"]
[White "Kozlov, Roman"]
[Black "Truskavetsky, Alexandr"]
[Result "1-0"]
[WhiteElo "2361"]
[BlackElo "2394"]
[PlyCount "109"]
[EventDate "2008.06.??"]
[EventType "tourn"]
[EventRounds "11"]
[EventCountry "UKR"]
[EventCategory "8"]
[SourceTitle "EXT 2009"]
[Source "ChessBase"]
[SourceDate "2008.11.26"]
[SourceVersion "1"]
[SourceVersionDate "2008.11.26"]
[SourceQuality "1"]

1. d4 Nf6 2. c4 c5 3. d5 b5 4. cxb5 a6 5. bxa6 Bxa6 6. Nc3 d6 7. g3 g6 8. Bg2 Bg7 9. Nf3 Nbd7 10. Rb1 Nb6 11. b3 0-0 12. 0-0 Bb7 13. Nh4 Qd7 14. h3 Rfc8 15. Re1 c4 16. Be3 cxb3 17. Qxb3 Nc4 18. Bd4 Ba6 19. Red1 Na5 20. Qb4 Nc4 21. a4 Qd8 22. Nb5 Bxb5 23. axb5 Na3 24. Rbc1 Nc2 25. Qb2 Nxd4 26. Qxd4 Nd7 27. Qb4 Nc5 28. Nf3 Ra4 29. Qb1 Qa5 30. e3 Rb4 31. Qc2 Qxb5 32. Nd4 Qd7 33. h4 h5 34. Nc6 Rb2 35. Qc4 Bf6 36. e4 Kh7 37. Re1 Nb3 38. Rcd1 Qc7 39. e5 dxe5 40. d6 exd6 41. Qc3 Na5 42. Qxb2 Nxc6 43. Rc1 Qa5 44. Bxc6 Rxc6 45. Qb7 Rxc1 46. Qxf7+ Bg7 47. Rxc1 e4 48. Rc7 Qa1+ 49. Kg2 e3 50. fxe3 Qb2+ 51. Qf2 Qe5 52. Kh2 Qe6 53. Qb2 Qg8 54. Qf6 d5 55. Qf7 1-0

[Event "Alushta Summer 2nd"]
[Site "Alushta"]
[Date "2008.06.??"]
[Round "1"]
[White "Kozlov, Roman"]
[Black "Vlasenko, Miroslav"]
[Result "1-0"]
[WhiteElo "2361"]
[BlackElo "2397"]
[PlyCount "125"]
[EventDate "2008.06.??"]
[EventType "tourn"]
[EventRounds "11"]
[EventCountry "UKR"]
[EventCategory "8"]
[SourceTitle "EXT 2009"]
[Source "ChessBase"]
[SourceDate "2008.11.26"]
[SourceVersion "1"]
[SourceVersionDate "2008.11.26"]
[SourceQuality "1"]

1. d4 Nf6 2. c4 e6 3. Nc3 Bb4 4. Qc2 0-0 5. e4 d5 6. e5 Ne4 7. Bd3 c5 8. Nge2 cxd4 9. Nxd4 Nd7 10. Bf4 Ndc5 11. 0-0 Nxd3 12. Qxd3 Bxc3 13. bxc3 Nc5 14. Qg3 dxc4 15. Bh6 g6 16. Bxf8 Qxf8 17. Nb5 Bd7 18. Nd6 Bc6 19. Qe3 b6 20. Qd4 Qh6 21. Nxc4 Qg5 22. f3 Bb5 23. Rfd1 Bxc4 24. f4 Qe7 25. Qxc4 Rc8 26. Rd6 Kg7 27. Rad1 Qh4 28. Qd4 Qg4 29. Rf1 Qe2 30. Qd2 Qxd2 31. Rxd2 Ne4 32. Rd7 Nxc3 33. Rxa7 Nd5 34. g3 h5 35. Rf2 Rc4 36. Rd2 Kg8 37. Rb7 Rc3 38. Kg2 Kf8 39. Kf2 Kg8 40. Kg2 Kf8 41. Rf2 Kg7 42. Kh3 Rc4 43. Rd2 Rc5 44. Kh4 Rc6 45. Kg5 Rc5 46. Rd3 Ra5 47. Rd2 Rc5 48. Rd4 Ra5 49. Rd3 Kf8 50. a3 Kg7 51. h3 Rc5 52. g4 hxg4 53. hxg4 Nf6 54. Kh4 Nd5 55. f5 gxf5 56. gxf5 exf5 57. e6 Nf4 58. Rxf7+ Kh6 59. e7 Ng6+ 60. Kg3 f4+ 61. Kf2 Re5 62. Rd6 Kh5 63. Rf5+ 1-0

[Event "Alushta Summer 2nd"]
[Site "Alushta"]
[Date "2008.06.??"]
[Round "7"]
[White "Pridorozhni, Aleksei"]
[Black "Kozlov, Roman"]
[Result "1-0"]
[WhiteElo "2510"]
[BlackElo "2361"]
[PlyCount "59"]
[EventDate "2008.06.??"]
[EventType "tourn"]
[EventRounds "11"]
[EventCountry "UKR"]
[EventCategory "8"]
[SourceTitle "EXT 2009"]
[Source "ChessBase"]
[SourceDate "2008.11.26"]
[SourceVersion "1"]
[SourceVersionDate "2008.11.26"]
[SourceQuality "1"]

1. e4 c5 2. Nc3 d6 3. Nf3 Nf6 4. d4 cxd4 5. Nxd4 a6 6. Be2 e6 7. Be3 Be7 8. 0-0 0-0 9. f4 Nc6 10. Qe1 Nxd4 11. Bxd4 b5 12. a3 Bb7 13. Qg3 Qc7 14. Kh1 Bc6 15. Rae1 g6 16. Bf3 Rad8 17. Nd1 a5 18. c3 Qb7 19. Nf2 b4 20. axb4 axb4 21. e5 Ne8 22. Ng4 h5 23. Nf6+ Bxf6 24. exf6 Bxf3 25. Rxf3 Qd5 26. f5 Kh7 27. fxg6+ fxg6 28. f7 Ng7 29. Rf6 g5 30. Qd3+ 1-0

[Event "KAZ-ch"]
[Site "Kostanay"]
[Date "2008.04.21"]
[Round "3"]
[White "Karmenov, Zhanibek"]
[Black "Kozlov, Roman"]
[Result "1-0"]
[WhiteElo "2152"]
[BlackElo "2361"]
[PlyCount "39"]
[EventDate "2008.04.20"]
[EventType "swiss"]
[EventRounds "9"]
[EventCountry "KAZ"]
[SourceTitle "EXT 2022"]
[Source "ChessBase"]
[SourceDate "2021.10.06"]
[SourceVersion "1"]
[SourceVersionDate "2021.10.06"]
[SourceQuality "1"]

1. e4 c5 2. Nf3 d6 3. d4 cxd4 4. Nxd4 Nf6 5. Nc3 a6 6. Bc4 e6 7. Bb3 Nbd7 8. Bg5 Nc5 9. 0-0 Be7 10. Qf3 0-0 11. Rad1 Bd7 12. Rfe1 Qc7 13. Qg3 b5 14. Bh6 Ne8 15. Bg5 Bxg5 16. Qxg5 Nf6 17. e5 dxe5 18. Qxe5 Qxe5 19. Rxe5 Rfd8 20. Rxc5 1-0

[Event "Chigorin Memorial-B 15th"]
[Site "St Petersburg"]
[Date "2007.12.04"]
[Round "4"]
[White "Vunder, Andrei"]
[Black "Kozlov, Roman"]
[Result "1/2-1/2"]
[WhiteElo "2296"]
[BlackElo "2352"]
[PlyCount "85"]
[EventDate "2007.11.30"]
[EventType "swiss"]
[EventRounds "9"]
[EventCountry "RUS"]
[SourceTitle "CBM 121 Extra"]
[Source "ChessBase"]
[SourceDate "2008.01.10"]
[SourceVersion "1"]
[SourceVersionDate "2008.01.10"]
[SourceQuality "1"]

1. Nf3 Nf6 2. e3 g6 3. d4 Bg7 4. c4 0-0 5. Nc3 d6 6. Be2 Nbd7 7. b3 c5 8. Bb2 cxd4 9. Nxd4 Nc5 10. 0-0 Bd7 11. Bf3 Rb8 12. Qd2 a6 13. Rfd1 Bg4 14. Bxg4 Nxg4 15. Rac1 Rc8 16. Qe2 Nf6 17. h3 Qa5 18. a3 Qb6 19. b4 Ncd7 20. Na4 Qa7 21. Nb3 b6 22. Nc3 Qb7 23. Nd5 Nxd5 24. Bxg7 Kxg7 25. Rxd5 Rc7 26. Rd2 Rfc8 27. Rdc2 Ne5 28. e4 Kg8 29. Nd4 Qa7 30. Nf3 Nxf3+ 31. Qxf3 Qb7 32. Qd3 Rc6 33. Qd4 Qd7 34. Rc3 Qe6 35. Kf1 R8c7 36. Qd5 Kg7 37. Qxe6 fxe6 38. Ke2 Rc8 39. Kd3 g5 40. Kd4 Kf6 41. Rf3+ Kg6 42. Rfc3 Kf6 43. Rf3+ 1/2-1/2

[Event "Chigorin Memorial-B 15th"]
[Site "St Petersburg"]
[Date "2007.12.03"]
[Round "3"]
[White "Kozlov, Roman"]
[Black "Lelekova, Olga"]
[Result "1-0"]
[WhiteElo "2352"]
[BlackElo "2230"]
[PlyCount "109"]
[EventDate "2007.11.30"]
[EventType "swiss"]
[EventRounds "9"]
[EventCountry "RUS"]
[SourceTitle "CBM 121 Extra"]
[Source "ChessBase"]
[SourceDate "2008.01.10"]
[SourceVersion "1"]
[SourceVersionDate "2008.01.10"]
[SourceQuality "1"]

1. d4 Nf6 2. c4 g6 3. Nc3 Bg7 4. e4 d6 5. Nf3 0-0 6. Be2 e5 7. d5 a5 8. Be3 Na6 9. Nd2 Nc5 10. b3 Bd7 11. a3 c6 12. 0-0 Na6 13. Rb1 c5 14. Na2 Nc7 15. Nc3 Na6 16. Nb5 Ne8 17. f4 f5 18. fxe5 dxe5 19. exf5 gxf5 20. Qc2 Qe7 21. Rbe1 Nd6 22. Bd3 e4 23. Be2 b6 24. Bf4 Bxb5 25. cxb5 Nc7 26. Bxd6 Qxd6 27. Nc4 Qh6 28. d6 Nxb5 29. Nxb6 Bd4+ 30. Kh1 Be5 31. h3 Qh4 32. Qxc5 Qg3 33. Qg1 Bd4 34. Qh2 Qxh2+ 35. Kxh2 Bxb6 36. Bxb5 Bc5 37. d7 Bxa3 38. g4 Bb4 39. Re2 fxg4 40. Rxf8+ Rxf8 41. hxg4 Bd6+ 42. Kg2 Bc7 43. Rxe4 Bd8 44. Re8 h6 45. Bc4+ Kg7 46. Be6 Bg5 47. Bf5 Kf7 48. Kf3 Bh4 49. Be6+ Kg7+ 50. Ke4 Bg5 51. Bf5 Rh8 52. Ke5 Rf8 53. Be6 Bh4 54. Kd6 Bd8 55. Rxd8 1-0

[Event "KAZ-ch"]
[Site "Astana"]
[Date "2007.03.30"]
[Round "11"]
[White "Kozlov, Roman"]
[Black "Issabayev, Dias"]
[Result "1-0"]
[WhiteElo "2350"]
[BlackElo "2258"]
[PlyCount "63"]
[EventDate "2007.03.20"]
[EventType "tourn"]
[EventRounds "11"]
[EventCountry "KAZ"]
[EventCategory "5"]
[SourceTitle "CBM 117 Extra"]
[Source "ChessBase"]
[SourceDate "2007.05.09"]
[SourceVersion "1"]
[SourceVersionDate "2007.05.09"]
[SourceQuality "1"]

1. d4 Nf6 2. c4 g6 3. Nc3 d5 4. Bg5 Ne4 5. Nxe4 dxe4 6. Qa4+ c6 7. 0-0-0 Bg7 8. f3 exf3 9. gxf3 0-0 10. e4 h6 11. Be3 Nd7 12. Qc2 c5 13. d5 a6 14. f4 Qa5 15. Kb1 b5 16. Nf3 bxc4 17. Bxc4 Rb8 18. b3 Nb6 19. Ne5 Nxc4 20. Nxc4 Qc7 21. Bd2 Rb5 22. a4 Rb8 23. Ka2 Bg4 24. Rde1 f5 25. e5 Bf3 26. Rhg1 Bxd5 27. Rxg6 Bf7 28. Rg3 Be6 29. Reg1 Rf7 30. Rg6 Qc6 31. Qd3 Kh7 32. Qg3 1-0

[Event "KAZ-ch"]
[Site "Astana"]
[Date "2007.03.29"]
[Round "10"]
[White "Sadvakasov, Darmen"]
[Black "Kozlov, Roman"]
[Result "1-0"]
[WhiteElo "2615"]
[BlackElo "2350"]
[PlyCount "71"]
[EventDate "2007.03.20"]
[EventType "tourn"]
[EventRounds "11"]
[EventCountry "KAZ"]
[EventCategory "5"]
[SourceTitle "CBM 117 Extra"]
[Source "ChessBase"]
[SourceDate "2007.05.09"]
[SourceVersion "1"]
[SourceVersionDate "2007.05.09"]
[SourceQuality "1"]

1. e4 e5 2. Nf3 d6 3. d4 exd4 4. Nxd4 Nf6 5. Nc3 Be7 6. Bf4 c6 7. Qe2 0-0 8. 0-0-0 d5 9. exd5 cxd5 10. f3 Bb4 11. Qd2 Nc6 12. a3 Ba5 13. Nb3 Bc7 14. g4 Be6 15. Nb5 Bb6 16. h4 Rc8 17. N5d4 Bd7 18. Kb1 Nxd4 19. Nxd4 Ba4 20. Qb4 Bxd4 21. Qxa4 Bb6 22. Qb3 d4 23. Bc4 Qd7 24. h5 Qc6 25. Bd3 Qd5 26. c4 Qc6 27. g5 Nd7 28. Qc2 f5 29. Bxf5 Rxf5 30. Qxf5 Rf8 31. Qg4 Nc5 32. Rxd4 Qa4 33. Bd6 Nb3 34. Qe6+ Kh8 35. Bxf8 Bxd4 36. Bb4 1-0

[Event "KAZ-ch"]
[Site "Astana"]
[Date "2007.03.24"]
[Round "5"]
[White "Kozlov, Roman"]
[Black "Gnusarev, Pavel"]
[Result "0-1"]
[WhiteElo "2350"]
[BlackElo "2426"]
[PlyCount "56"]
[EventDate "2007.03.20"]
[EventType "tourn"]
[EventRounds "11"]
[EventCountry "KAZ"]
[EventCategory "5"]
[SourceTitle "CBM 117 Extra"]
[Source "ChessBase"]
[SourceDate "2007.05.09"]
[SourceVersion "1"]
[SourceVersionDate "2007.05.09"]
[SourceQuality "1"]

1. d4 Nf6 2. c4 g6 3. Nc3 Bg7 4. e4 d6 5. Nf3 0-0 6. Be2 e5 7. d5 a5 8. Nd2 Na6 9. h4 Nc5 10. h5 c6 11. g4 cxd5 12. cxd5 b5 13. g5 Nxh5 14. Bxh5 b4 15. Na4 Nd3+ 16. Kf1 Nf4 17. Bf3 Ba6+ 18. Kg1 Qxg5+ 19. Kh2 f5 20. Nf1 fxe4 21. Bxe4 Bxf1 22. Qxf1 Qh5+ 23. Kg3 Ne2+ 24. Qxe2 Qxe2 25. f3 Rac8 26. Bg5 Rc2 27. Raf1 Qg2+ 28. Kh4 Rf4+ 0-1

[Event "KAZ-ch"]
[Site "Astana"]
[Date "2007.03.22"]
[Round "3"]
[White "Kozlov, Roman"]
[Black "Stativkin, Dmitriy"]
[Result "1-0"]
[WhiteElo "2350"]
[BlackElo "2214"]
[PlyCount "151"]
[EventDate "2007.03.20"]
[EventType "tourn"]
[EventRounds "11"]
[EventCountry "KAZ"]
[EventCategory "5"]
[SourceTitle "CBM 117 Extra"]
[Source "ChessBase"]
[SourceDate "2007.05.09"]
[SourceVersion "1"]
[SourceVersionDate "2007.05.09"]
[SourceQuality "1"]

1. d4 Nf6 2. c4 e6 3. Nf3 b6 4. g3 Bb7 5. Bg2 Bb4+ 6. Bd2 Be7 7. Nc3 d5 8. 0-0 0-0 9. cxd5 exd5 10. Rc1 c5 11. Bf4 Nbd7 12. h4 Ne4 13. Bh3 Ndf6 14. Nb5 Nd6 15. Nc3 c4 16. Ne5 b5 17. e3 Nfe4 18. Ne2 f5 19. f3 Nf6 20. Qe1 Nh5 21. Rf2 h6 22. Ng6 Nxf4 23. Nexf4 Re8 24. Ne5 Bf6 25. Nfg6 Bc8 26. Rg2 Nf7 27. f4 Nd6 28. Qe2 b4 29. Qf3 Be6 30. g4 fxg4 31. Bxg4 Bxg4 32. Nxg4 Nf5 33. Nxf6+ Qxf6 34. Qxd5+ Kh7 35. Ne5 Nxh4 36. Rg4 Rad8 37. Qe4+ Qf5 38. Qb7 Qf6 39. Rxc4 Nf5 40. Rc7 Re7 41. Rxe7 Nxe7 42. Qe4+ Qf5 43. Qg2 Qf6 44. Qc2+ Qf5 45. e4 Qf6 46. d5 h5 47. Rg5 Qxf4 48. Rxh5+ Kg8 49. Qf2 Qxf2+ 50. Kxf2 Nxd5 51. exd5 Rxd5 52. Ke3 Ra5 53. b3 Rxa2 54. Nc4 Rg2 55. Kd3 g5 56. Rh6 Kg7 57. Ra6 g4 58. Rxa7+ Kg6 59. Rb7 g3 60. Rxb4 Ra2 61. Ne3 Rb2 62. Kc3 Re2 63. Rg4+ Kf6 64. Rxg3 Ke5 65. Nc4+ Kd5 66. Rg5+ Kc6 67. b4 Re1 68. Rc5+ Kb7 69. Na5+ Kb6 70. Nc4+ Kb7 71. Rh5 Rb1 72. Rh6 Kc7 73. Na5 Kb8 74. Rh7 Ka8 75. Kc4 Rg1 76. Kb5 1-0

[Event "RUS-Cup 300 years"]
[Site "St Petersburg"]
[Date "2003.10.25"]
[Round "8"]
[White "Kozlov, Roman"]
[Black "Sergienko, Sergey"]
[Result "0-1"]
[WhiteElo "2227"]
[BlackElo "2435"]
[PlyCount "86"]
[EventDate "2003.10.18"]
[EventType "swiss"]
[EventRounds "9"]
[EventCountry "RUS"]
[SourceTitle "EXT 2004"]
[Source "ChessBase"]
[SourceDate "2003.11.25"]
[SourceVersion "1"]
[SourceVersionDate "2003.11.25"]
[SourceQuality "1"]

1. d4 Nf6 2. c4 c5 3. Nf3 cxd4 4. Nxd4 e5 5. Nc2 d5 6. cxd5 Qxd5 7. Qxd5 Nxd5 8. e4 Nb4 9. Nxb4 Bxb4+ 10. Bd2 Nc6 11. Bb5 Bd7 12. Bxc6 Bxd2+ 13. Nxd2 Bxc6 14. 0-0 0-0-0 15. Nc4 f6 16. Rac1 Kb8 17. f3 Rd4 18. Rfd1 Rhd8 19. Ne3 Rxd1+ 20. Rxd1 Rxd1+ 21. Nxd1 Kc7 22. Ne3 Bd7 23. Kf2 Be6 24. b3 Kc6 25. Ke2 Kc5 26. Kd3 b5 27. Kc3 b4+ 28. Kd3 a5 29. Nf1 g6 30. g4 a4 31. Nd2 a3 32. h4 Bd7 33. Ke3 Bb5 34. Nb1 h6 35. Nd2 Ba6 36. Nb1 Kd6 37. Nd2 Ke6 38. Nb1 f5 39. gxf5+ gxf5 40. exf5+ Kxf5 41. Nd2 Bb7 42. Ne4 Bxe4 43. fxe4+ Kg4 0-1

[Event "RUS-Cup 300 years"]
[Site "St Petersburg"]
[Date "2003.10.24"]
[Round "7"]
[White "Iljushin, Alexei"]
[Black "Kozlov, Roman"]
[Result "1-0"]
[WhiteElo "2553"]
[BlackElo "2227"]
[PlyCount "67"]
[EventDate "2003.10.18"]
[EventType "swiss"]
[EventRounds "9"]
[EventCountry "RUS"]
[SourceTitle "EXT 2004"]
[Source "ChessBase"]
[SourceDate "2003.11.25"]
[SourceVersion "1"]
[SourceVersionDate "2003.11.25"]
[SourceQuality "1"]

1. d4 d5 2. c4 c6 3. Nf3 Nf6 4. Nc3 a6 5. c5 Nbd7 6. Bf4 Nh5 7. e3 g6 8. Bd3 Bg7 9. 0-0 0-0 10. Bg5 Re8 11. Nd2 b6 12. cxb6 Qxb6 13. Na4 Qa7 14. Rc1 Bb7 15. Nb3 e5 16. Be2 Nhf6 17. dxe5 Ne4 18. Bf4 Bxe5 19. Bxe5 Rxe5 20. Qd4 Qxd4 21. exd4 Ng3 22. hxg3 Rxe2 23. Na5 Rb8 24. Rfe1 Rxe1+ 25. Rxe1 Kf8 26. a3 Nf6 27. f3 Nh5 28. g4 Nf4 29. Nc5 Bc8 30. b4 Rb6 31. Na4 Rb5 32. Nxc6 Ne6 33. Nc5 Rb6 34. Na7 1-0

[Event "RUS-Cup 300 years"]
[Site "St Petersburg"]
[Date "2003.10.22"]
[Round "5"]
[White "Zaitsev, Alexander"]
[Black "Kozlov, Roman"]
[Result "1/2-1/2"]
[WhiteElo "2368"]
[BlackElo "2227"]
[PlyCount "110"]
[EventDate "2003.10.18"]
[EventType "swiss"]
[EventRounds "9"]
[EventCountry "RUS"]
[SourceTitle "EXT 2004"]
[Source "ChessBase"]
[SourceDate "2003.11.25"]
[SourceVersion "1"]
[SourceVersionDate "2003.11.25"]
[SourceQuality "1"]

1. e4 e5 2. Nf3 Nc6 3. Bb5 a6 4. Ba4 Nf6 5. 0-0 Be7 6. Qe2 b5 7. Bb3 0-0 8. c3 d6 9. Rd1 Na5 10. Bc2 c5 11. d3 h6 12. Nbd2 Re8 13. Nf1 Bf8 14. Ng3 g6 15. h3 Bg7 16. Nh2 Nc6 17. Qf3 Be6 18. Ngf1 d5 19. Ne3 d4 20. Neg4 Nxg4 21. Nxg4 Kh7 22. Bd2 Qe7 23. Rdc1 Rec8 24. Qd1 Rd8 25. Qf1 c4 26. Rd1 a5 27. a4 cxd3 28. Bxd3 b4 29. Bb5 dxc3 30. Bxc6 Rac8 31. bxc3 Rxc6 32. cxb4 axb4 33. Bxb4 Rxd1 34. Bxe7 Rxf1+ 35. Kxf1 Bc4+ 36. Kg1 Bd3 37. f3 f5 38. Nf2 Ba6 39. Rd1 Rc4 40. a5 Ra4 41. Bd8 Rd4 42. Bb6 Rxd1+ 43. Nxd1 Bf8 44. Nc3 Kg7 45. Nd5 Bd6 46. exf5 gxf5 47. g4 fxg4 48. fxg4 Kg6 49. h4 Bb7 50. Ne3 Be7 51. Nf5 Bf8 52. Kf2 h5 53. Kg3 Bc8 54. Bc7 hxg4 55. Ne3 Bh6 1/2-1/2